=LDR 00000nam 2200000 4500 =001 INLIS000000000025742 =005 20130612124228 =008 ***********************************Ind** =035 ##$$0010-061300000025742 =041 ##$$a Ind =082 ##$$a 398.209 598 1 =090 ##$$a 398.209 598 1, Hae a =100 ##$$a Haerani, Hanni =245 ##$$a Asal usul danau toba, Hanni Haerani =300 ##$$a 39 hlm, ilus, 20 cm =650 ##$$a Cerita Dari Sumatera Utara =850 ##$$a NBPNMAT